| 000 | 00468nam a2200145 4500 | ||
|---|---|---|---|
| 999 |
_c11524 _d11524 |
||
| 008 | 181207b ||||| |||| 00| 0 eng d | ||
| 022 | _a | ||
| 082 | _aDPer 050 T48 Apr-June 2016 v. 187, n. 12-24 | ||
| 100 |
_933066 _aJohnson, Dwayne |
||
| 245 |
_aPriyanka Chopra: _ba star rising higher/ _cDwayne Johnson. |
||
| 260 |
_aHong Kong: _bTime Asia, _cc2016. |
||
| 300 |
_av187 n16-17, page 48: _billustrations; _c27 cm. |
||
| 650 | 0 |
_933067 _aCelebrities. |
|
| 942 |
_2ddc _cPER |
||